00422nam a2200169Ia 450000500170000000800410001702000130005804000190007104100120009008200110010210000210011324500400013426000330017430000120020765000230021985000100024220220518115912.0131103s9999 xx 000 0 und d c18s.net. aLoreto College aEnglish aFbJEF aJeffries,Roberic 2aA traitor's crimecRoberic Jeffries aLondonbThe Crime Clubc1968 a192 p.  aFiction in English aLCLIB